History - American | 1 | 1 | 0 | 0 | 25 | 52 | 77.50 | 0 | 0 |
Fine Arts - Film | 0 | 2 | 0 | 0 | 20 | 136 | 139.00 | 1 | 1 |
History - European | 0 | 2 | 0 | 0 | 20 | 113 | 114.50 | 0 | 0 |
History - Cross, Historiography, and Miscellaneous | 1 | 0 | 0 | 0 | 15 | 62 | 62.00 | 0 | 1 |
Fine Arts - Painting | 1 | 0 | 0 | 0 | 15 | 40 | 40.00 | 0 | 0 |
Science - Physics | 0 | 1 | 0 | 0 | 10 | 107 | 107.00 | 0 | 0 |
Fine Arts - Miscellaneous | 0 | 1 | 0 | 0 | 10 | 131 | 131.00 | 0 | 0 |
Fine Arts - Music | 0 | 1 | 0 | 0 | 10 | 112 | 112.00 | 0 | 0 |
Fine Arts - Photography | 0 | 1 | 0 | 0 | 10 | 103 | 103.00 | 0 | 0 |
History - World | 0 | 1 | 0 | 0 | 10 | 87 | 87.00 | 0 | 0 |
Science - Engineering and Miscellaneous | 0 | 1 | 0 | 0 | 10 | 74 | 74.00 | 0 | 1 |
Current Events - World | 0 | 1 | 0 | 0 | 10 | 95 | 95.00 | 0 | 0 |
RMP - Buddhism | 0 | 1 | 0 | 0 | 10 | 111 | 111.00 | 0 | 0 |
RMP - Philosophy | 0 | 1 | 0 | 0 | 10 | 91 | 91.00 | 0 | 0 |
Science - Computer Science | 0 | 1 | 0 | 0 | 10 | 116 | 116.00 | 0 | 0 |
Literature - European | 0 | 0 | 0 | 0 | 0 | | 0.00 | 0 | 0 |
Literature - World and Miscellaneous | 0 | 0 | 0 | 0 | 0 | | 0.00 | 0 | 0 |